000
00321nam a22001457a 4500
008
230324b ||||| |||| 00| 0 eng d
020
_a
9780133824278
041
_a
eng
080
_a
61
082
_a
61WIL
100
_a
4
101
_a
MJEKSI
245
_a
PEARSON NURSE'S DRUG GUIDE
_c
WILSON.SH.SH
942
_2
udc
_c
BK
999
_c
59449
_d
59449